000 00917cam a22003013a 4500
001 26247
003 PGUSA
005 20140828083550.0
008 080801s2008||||xxu|||||s|||||000 1 eng d
040 _aPGUSA
_beng
042 _adc
050 4 _aPR
100 1 _aStevenson, Robert Louis,
_d1850-1894
245 1 4 _aThe Strange Case of Dr Jekyll and Mr Hyde
_h[electronic resource] /
_cRobert Louis Stevenson
260 _bProject Gutenberg,
_c2008
506 _aPublic domain in the USA.
516 _aElectronic text
653 _aScience fiction
653 _aSelf-experimentation in medicine -- Fiction
653 _aLondon (England) -- Fiction
653 _aMultiple personality -- Fiction
653 _aHorror tales
653 _aPsychological fiction
653 _aPhysicians -- Fiction
830 0 _aProject Gutenberg
_v26247
856 4 0 _uhttp://www.gutenberg.org/ebooks/26247
942 _cEB
999 _c255502
_d255502